000 01481cam a2200361 a 4500
001 27660
003 BD-RjUL
005 20211209051203.0
008 140325s1955 nju b s001 0aeng d
020 _a0813515327
035 _a(BD-RjUL)27739
040 _aDLC
_cDLC
_dDLC
_dBD-RjUL
_beng
041 _aeng
051 _aE457.91
_b1953 Suppl. 2 Copy 4
_cAnother copy.
082 0 0 _a973.7092
_220
_bLIC V-1 1955
100 1 _aLincoln, Abraham,
_d1809-1865.
_984964
245 1 4 _aThe Collected works of Abraham Lincoln /
_nThe Abraham Lincoln Association Springfield, Illinons /
_cRoy P. Basler and Christian O. Basler, editors.
_pVolume One
260 _aNew Brunswick :
_bRutgers University Press,
_cc1955.
300 _axi, 377 p. ;
_c22 cm.
504 _aIncludes bibliographical references and index.
600 1 0 _aLincoln, Abraham,
_d1809-1865.
_984967
650 0 _aPresidents
_zUnited States
_vBiography.
_984285
651 0 _aUnited States
_xPolitics and government
_y1815-1861.
_966250
651 0 _aUnited States
_xPolitics and government
_y1849-1877.
_984914
700 1 _aBasler, Roy P.
_q(Roy Prentice),
_d1906-1989.
_984915
700 1 _aBasler, Christian O.
_984916
710 2 _aAlfred Whital Stern Collection of Lincolniana (Library of Congress)
_5DLC
_984917
856 4 2 _3Publisher description
_uhttp://www.loc.gov/catdir/enhancements/fy1306/89024297-d.html
942 _2ddc
_cBK
999 _c27660
_d27660